Control de malezas en cultivos frutihortícolas /

Guardado en:
Autor Principal: Campeglia, Oscar G.
Autor Corporativo: Instituto Nacional de Tecnología Agropecuaria (Argentina). Centro Regional Cuyo.
Formato: Libro
Idioma:Spanish
Publicado: San Juan : INTA Centro Regional Cuyo, 1993.
Series:Agro de Cuyo manuales ; nº 5
Etiquetas: Agregar Etiqueta
Sin Etiquetas, Sea el primero en etiquetar este registro!
LEADER 00634nam a22001695a 4500
001 EEA.libagro008191
005 20141029115301.0
008 130809s1993####ag#a##########000#0#spa#d
022 |a 0327-3377 
082 0 4 |a 632.95 
100 1 |a Campeglia, Oscar G. 
245 1 0 |a Control de malezas en cultivos frutihortícolas /  |c Oscar G. Campeglia. 
260 |a San Juan :  |b INTA Centro Regional Cuyo,  |c 1993. 
300 |a 80 p. :  |b il., fot. col. ;  |c 28 cm. 
490 1 |a Agro de Cuyo manuales ;  |v nº 5 
710 2 |a Instituto Nacional de Tecnología Agropecuaria (Argentina).  |b Centro Regional Cuyo. 
859 |a AR-BbBCA  |b BIB. AGRONOMIA  |h 632.95  |i C193  |p 2009/5580